000 004840000a22001810004500
003 MACL
005 20150704145407.0
008 150704b xxu||||| |||| 00| 0 eng d
040 _aMACL
_cMACL
041 _aEnglish
082 _a300/PAR
100 _aParkin, Robert
_9599
245 _aThe Mundia Of Central India
_bAn Account Of Their Social Organization
260 _bOxford University Press
_c1992
_aNew Delhi
350 _a325
650 _aSociology
_919
942 _cBK
_k300
_2ddc
999 _c4892
_d4892